[Event "Biel op (Women)"]
[Site "Biel"]
[Date "1990.??.??"]
[Round "4"]
[White "Lupu, Smaranda  B"]
[Black "Gerlach, Manuela"]
[Result "1-0"]
[WhiteElo "2185"]
[BlackElo "2125"]

1.e4 g6 2.d4 Bg7 3.Nc3 d6 4.Be2 Nf6 5.h4 h5 6.Nf3 c6 7.a4 Bg4 8.Ng5 Bxe2
9.Qxe2 e5 10.dxe5 dxe5 11.Be3 Nbd7 12.O-O-O Qe7 13.Qc4 Bh6 14.Kb1 Bxg5 15.Bxg5 O-O-O
16.Nd5 Qe6 17.Ne3 Qxc4 18.Nxc4 Rhf8 19.f3 Kc7 20.Nxe5 Nxe5 21.Bxf6 Rxd1+
22.Rxd1 Re8 23.b3 Nd7 24.Bd4 b6 25.Kb2 Nf8 26.Bg1 Ne6 27.Bh2+ Kc8 28.Rd6 c5
29.c3 Rd8 30.Rxd8+ Kxd8 31.Kc2 a6 32.c4 Nd4+ 33.Kb2 Kd7 34.Bg1 Ne6 35.Be3 Kc6
36.Kc3 Nc7 37.g4 Ne8 38.Bf4 Ng7 39.Be5 Ne6 40.Kd3 Kd7 41.Ke3 Ke7 42.Bc3 f6
43.f4 hxg4 44.f5 gxf5 45.exf5 Ng7 46.Kf4 g3 47.Kxg3 Nxf5+ 48.Kg4 Nd6 49.Kf4 Kf7
50.h5 Kg7 51.a5 b5 52.cxb5 Nxb5 53.Bb2 Nd6 54.Ba1 Nb7 55.Bc3 Nd6 56.Ke3 Kh6
57.Bxf6 Kxh5 58.Be5 Nb7 59.Bc7 Kg5 60.Ke4 c4 61.bxc4 Nc5+ 62.Kd5 Nb3 63.Kd6  1-0

[Event "Biel op"]
[Site "Biel"]
[Date "1990.??.??"]
[Round "10"]
[White "Kummerow, Heiko"]
[Black "Ditt, Egon"]
[Result "0-1"]
[WhiteElo "2035"]
[BlackElo "2295"]

1.e4 g6 2.d4 Bg7 3.Nc3 d6 4.f4 Nf6 5.Nf3 c5 6.dxc5 Qa5 7.Bd3 Qxc5 8.Qe2 Nc6
9.Nb5 O-O 10.Be3 Qh5 11.c3 a6 12.Nbd4 Ng4 13.Nxc6 bxc6 14.Bd4 Bh6 15.f5 e5
16.fxe6 fxe6 17.e5 c5 18.Bg1 Bb7 19.exd6 Bxf3 20.gxf3 Ne5 21.Be4 Rad8 22.Rd1 Rxf3
23.Bxf3 Nxf3+ 24.Kf1 Rf8 25.Qxe6+ Kh8 26.Bf2 Ne5 27.Ke1 Rxf2 28.Kxf2 Qf3+
29.Ke1 Qxh1+ 30.Ke2 Qg2+  0-1

[Event "CSR-ch"]
[Site "Brno"]
[Date "1990.??.??"]
[Round "1"]
[White "Priehoda, Vitezslav"]
[Black "Petran, Peter"]
[Result "1/2-1/2"]
[WhiteElo "2415"]
[BlackElo "2385"]

1.e4 g6 2.d4 Bg7 3.Nc3 d6 4.f4 a6 5.Nf3 b5 6.Bd3 Nd7 7.O-O c5 8.dxc5 Nxc5
9.Be3 Nf6 10.e5 Ng4 11.Bxc5 dxc5 12.Be4 Ra7 13.Bc6+ Bd7 14.Bxd7+ Qxd7 15.Qe2 O-O
16.Rad1 Qc8 17.h3 Nh6 18.a4 bxa4 19.Nxa4 c4 20.Nb6 Qc5+ 21.Qf2 Qxf2+ 22.Rxf2 Rc7
23.Ra1 Rb8 24.Nd5 Ra7 25.c3 e6 26.Nf6+ Kh8 27.g4 Ng8 28.Nxg8 Kxg8 29.Ra4 Rc8
30.Nd2 g5 31.Rxc4 Rd8 32.Nf3 gxf4 33.Rxf4 Rd3 34.Kg2 Re3 35.Ra4 Bxe5 36.Nxe5 Rxe5
37.Rd2 Kg7 38.Kf3 a5 39.Re4 Rb5 40.h4 Rab7 41.Ree2  1/2-1/2

[Event "CSR-ch"]
[Site "Brno"]
[Date "1990.??.??"]
[Round "9"]
[White "Salai, Ladislav"]
[Black "Petran, Peter"]
[Result "0-1"]
[WhiteElo "2395"]
[BlackElo "2385"]

1.e4 g6 2.d4 Bg7 3.Nc3 d6 4.f4 a6 5.Nf3 b5 6.Bd3 Nd7 7.O-O c5 8.dxc5 Nxc5
9.Be3 b4 10.Ne2 Bxb2 11.Rb1 Bg7 12.Rxb4 Nf6 13.Bxc5 dxc5 14.Rb1 Ng4 15.Qc1 Be6
16.h3 c4 17.hxg4 cxd3 18.cxd3 Bxg4 19.Qe3 O-O 20.Ned4 Bxf3 21.Nxf3 Qa5 22.Rf2 Rab8
23.Rxb8 Rxb8 24.e5 e6 25.Kh2 h6 26.Rc2 Rd8 27.Qa7 Qa4 28.Rc4 Qxa2 29.Rc7 Rf8
30.d4 Qe2 31.Kg3 h5 32.Re7 Bh6 33.d5 exd5 34.Qb6 Qe4 35.Qf6 a5 36.Ng5 Bxg5
37.fxg5 Qg4+ 38.Kh2 Qf5 39.Qd6 Qf4+ 40.g3 Qf2+  0-1

[Event "Spring op"]
[Site "Budapest"]
[Date "1990.??.??"]
[Round "2"]
[White "Uskova, Fliura"]
[Black "Ghinda, Mihail Viorel"]
[Result "0-1"]
[WhiteElo "2290"]
[BlackElo "2450"]

1.d4 g6 2.e4 Bg7 3.Nc3 d6 4.g3 Nd7 5.Bg2 c5 6.Nge2 Ngf6 7.O-O O-O 8.h3 a6
9.a4 Qc7 10.Nd5 Nxd5 11.exd5 b6 12.dxc5 bxc5 13.Nc3 Rb8 14.Re1 Re8 15.Ra2 Ne5
16.Ne4 Bb7 17.b3 c4 18.a5 Ba8 19.Ng5 Rb5 20.Qd2 h6 21.Ne4 cxb3 22.cxb3 Rxd5
23.Qe2 Nd3 24.Bxh6 Nxe1 25.Qxe1 Re5 26.Bf4 Re6 27.Re2 Bxe4 28.Bxe4 Qc3 29.Qb1 Qxa5
30.Ra2 Qc3 31.Rxa6 Rb8 32.Rc6 Qb4 33.f3 f5  0-1

[Event "Budapest Noviki-C"]
[Site "Budapest"]
[Date "1990.??.??"]
[Round "2"]
[White "Mahdi, Khaled"]
[Black "Orso, Miklos"]
[Result "1-0"]
[WhiteElo "2355"]
[BlackElo "2390"]

1.e4 g6 2.d4 Bg7 3.Nc3 d6 4.Be3 c6 5.h3 Nd7 6.Qd2 e5 7.Nge2 Nb6 8.b3 f5 9.dxe5 dxe5
10.Qxd8+ Kxd8 11.O-O-O+ Ke8 12.f3 f4 13.Bf2 Nf6 14.Kb2 Be6 15.Nc1 g5 16.Nd3 Nbd7
17.Na4 b6 18.Nb4 c5 19.Na6 Ke7 20.Nc7 Rac8 21.Nxe6 Kxe6 22.Nc3 a5 23.Ba6 Rcd8
24.Na4 Ke7 25.Bb5 Rb8 26.Rd2 Nf8 27.Bc4 N8d7 28.Rhd1 Rhc8 29.Nc3 Nf8 30.Nb5 Ne8
31.a3 Rd8 32.Na7 Rxd2 33.Rxd2 Ra8 34.Nc6+ Kf6 35.a4 Ne6 36.Rd7 N8c7 37.Be1 Ne8
38.Re7 Nd4 39.Rf7+ Kg6 40.Ne7+ Kh6 41.c3 Nd6 42.cxd4  1-0

[Event "Budapest Noviki-C"]
[Site "Budapest"]
[Date "1990.??.??"]
[Round "6"]
[White "Wagman, Stuart"]
[Black "Mahdi, Khaled"]
[Result "1-0"]
[WhiteElo "2265"]
[BlackElo "2355"]

1.e4 g6 2.d4 Bg7 3.Nc3 d6 4.Nf3 Nf6 5.Be2 O-O 6.O-O Bg4 7.Be3 Nc6 8.Qd2 e5
9.dxe5 Nxe5 10.Nxe5 dxe5 11.Qxd8 Rfxd8 12.f3 Be6 13.Nb5 Ne8 14.a4 a6 15.Na3 Nd6
16.c4 Nc8 17.b4 Bf8 18.c5 Ne7 19.b5 axb5 20.Nxb5 Rdc8 21.Nc3 Nc6 22.Nb5 Bb3
23.Ra3 Na5 24.Rc1 Be6 25.Kf2 b6 26.Rc2 Nb7 27.c6 Nc5 28.a5 Na6 29.axb6 cxb6
30.Ra1 Nc5 31.Na7 Rc7 32.Nb5 Rcc8 33.Na7 Rxc6 34.Nxc6 Rxa1 35.Nxe5 Rb1 36.Bc4 Bxc4
37.Nxc4 Nb3  1-0

[Event "Spring op"]
[Site "Budapest"]
[Date "1990.??.??"]
[Round "7"]
[White "Berebora, Ferenc"]
[Black "Hennigan, Michael"]
[Result "1/2-1/2"]
[WhiteElo "2275"]
[BlackElo "2355"]

1.e4 g6 2.d4 Bg7 3.Nc3 d6 4.f4 Nf6 5.Nf3 c5 6.dxc5 Qa5 7.Bd3 Qxc5 8.Qe2 O-O
9.Be3 Qa5 10.O-O Bg4 11.h3 Bxf3 12.Qxf3 Nc6 13.a3 Nd7 14.Bd2 Qb6+ 15.Kh1 Nc5
16.Rab1 Nxd3 17.cxd3 f5 18.Nd5 Qd8 19.Bc3 e6 20.Ne3 Qd7 21.Rfe1 fxe4 22.dxe4 Bxc3
23.bxc3 Ne5 24.Qg3 Nd3 25.Rf1 Nc5 26.e5 d5 27.Ng4 Ne4 28.Qe3 b5 29.a4 Rac8
30.Rxb5 Rxc3 31.Qe1 Qc6 32.Kh2 Rc2 33.Qb4 Nc5 34.Ne3 Na6 35.Qe7 Rf7 36.Qh4 Re2
37.Ng4 d4 38.Rg1 Kg7 39.Qh6+  1/2-1/2

[Event "Buenos Aires FMDA"]
[Site "Buenos Aires"]
[Date "1990.??.??"]
[Round "1"]
[White "Tempone, Marcelo"]
[Black "Fulgenzi, Ernesto"]
[Result "1/2-1/2"]
[WhiteElo "2390"]
[BlackElo "2330"]

1.e4 g6 2.d4 Bg7 3.Nc3 d6 4.Nge2 Nc6 5.d5 Ne5 6.f4 Nd7 7.Nd4 Ngf6 8.Be2 Nc5
9.Bf3 e5 10.fxe5 dxe5 11.Nb3 Nxb3 12.axb3 O-O 13.Bg5 h6 14.Be3 Ne8 15.Qe2  1/2-1/2

[Event "Cannes op2"]
[Site "Cannes"]
[Date "1990.??.??"]
[Round "?"]
[White "Georgiev, Krum"]
[Black "Gazik, Igor"]
[Result "1/2-1/2"]
[WhiteElo "2455"]
[BlackElo "2330"]

1.e4 g6 2.d4 Bg7 3.Nc3 d6 4.Be3 Nf6 5.f3 c6 6.Qd2 Qa5 7.O-O-O b5 8.Kb1 Nbd7
9.Nh3 Nb6 10.e5 Nfd5 11.Nxd5 Qxd2 12.Bxd2 Nxd5 13.Nf4 Nxf4 14.Bxf4 dxe5 15.dxe5 Be6
16.Bd3 O-O-O 17.Be4 Bd5 18.Bd3 Rd7 19.h4 h5 20.Rhe1 Rhd8 21.Bd2 Kb7 22.Ba5 Re8
23.c4 Be6 24.cxb5 Rxd3 25.Rxd3 Bf5 26.Kc2 cxb5 27.g4 Rc8+ 28.Kd2 Bxd3 29.Kxd3 e6
30.Bc3 Bh6 31.gxh5 gxh5 32.Rg1 Kc6 33.Ke4 Kd7 34.Rd1+ Ke8 35.Rd3 Rc4+ 36.Bd4 Bf8
37.b3 Rc2 38.Rc3 Rxc3 39.Bxc3 Be7 40.Be1 Kd7 41.f4 Ba3 42.Kd4 Kc6 43.Ba5 Be7
44.Be1 Ba3 45.Ke4 Bc1 46.Bb4 a6 47.Be7 Bd2 48.Bg5 Kc5  1/2-1/2

[Event "Cannes op"]
[Site "Cannes"]
[Date "1990.??.??"]
[Round "2"]
[White "Bacis, Jean Franc"]
[Black "Viladiu Martinez, Josep"]
[Result "0-1"]
[WhiteElo "2150"]
[BlackElo "2315"]

1.e4 d6 2.d4 g6 3.Nc3 Bg7 4.Bg5 c6 5.Qd2 Nd7 6.f4 b5 7.a3 Nb6 8.Be2 Nf6 9.e5 Nfd5
10.Nxd5 Nxd5 11.Nf3 O-O 12.O-O Qb6 13.Kh1 a5 14.c3 f6 15.Bh4 Bh6 16.Bg3 dxe5
17.dxe5 Rd8 18.Rad1 Bb7 19.Bf2 c5 20.exf6 exf6 21.c4 Bxf4 22.Qc2 Ne3 23.Bxe3 Bxe3
24.cxb5 Kg7 25.a4 Bd4 26.Nd2 Rd7 27.Nc4 Qe6 28.Bf3 Bxf3 29.Rxf3 Re7 30.Rff1 Rae8
31.Qd3 Qd5 32.b3 f5 33.Qf3 Qd8 34.Rd2 Re4 35.b6 R8e7 36.h3 Qb8 37.Ra2 Kh8
38.Rd2 Kg7 39.Ra2 Qd8 40.Rd2 Kg8 41.g3 Qb8 42.h4 Kg7 43.Kg2 h5 44.Kh3 f4
45.Rd3 fxg3 46.Nd6 Qxd6 47.Qf8+ Kh7 48.Rf7+ Rxf7 49.Qxd6 g2 50.Kxg2 Re2+
51.Kh3 Be5  0-1

[Event "Cannes op"]
[Site "Cannes"]
[Date "1990.??.??"]
[Round "4"]
[White "Palac, Mladen"]
[Black "Garabedian, Vahakn"]
[Result "1-0"]
[WhiteElo "2505"]
[BlackElo "2140"]

1.e4 g6 2.d4 Bg7 3.Nc3 d6 4.f4 Nc6 5.Be3 Nf6 6.Nf3 O-O 7.e5 Ng4 8.Bg1 dxe5
9.fxe5 Bh6 10.Qe2 Bg7 11.h3 Nh6 12.d5 Nb4 13.O-O-O b6 14.a3 Na6 15.g4 Qd7
16.Be3 Kh8 17.Qd2 Ng8 18.Bb5 Qd8 19.Qg2 Bb7 20.h4 f6 21.g5 fxe5 22.h5 gxh5
23.Rxh5 Qd6 24.Rdh1 h6 25.gxh6  1-0

[Event "Cannes op"]
[Site "Cannes"]
[Date "1990.??.??"]
[Round "4"]
[White "Moisan, Fabrice"]
[Black "Kljako, Damir"]
[Result "0-1"]
[WhiteElo "2080"]
[BlackElo "2290"]

1.e4 d6 2.d4 g6 3.Nc3 Bg7 4.Nf3 c6 5.Be3 Nf6 6.h3 O-O 7.g3 Qc7 8.Bg2 e5 9.O-O Re8
10.Re1 Nbd7 11.Qd2 b5 12.a3 Nb6 13.b3 a5 14.dxe5 dxe5 15.Bc5 Rd8 16.Qe3 Nbd7
17.Rad1 Bf8 18.Bxf8 Kxf8 19.a4 b4 20.Nb1 Kg7 21.Bf1 h6 22.Kh2 Bb7 23.Nfd2 Nf8
24.Nc4 c5 25.Nbd2 Ne6 26.Bd3 Nd4 27.Nf3 Nxf3+ 28.Qxf3 Rd4 29.Qh1 Rad8 30.f3 Nh7
31.h4 Nf8 32.Ne3 Ne6 33.Bc4 Rd2+ 34.Rxd2 Rxd2+ 35.Re2 Qd7 36.Qf1 Rxe2+ 37.Qxe2 Nd4
38.Qg2 f5 39.Bd3 Nxb3 40.exf5 Nd4 41.f6+ Kxf6 42.Be4 Bxe4 43.fxe4 Qxa4 44.g4 Qb5
45.g5+ Kg7 46.gxh6+ Kh7 47.h5 Qc6 48.Nd5 Kxh6 49.Ne7 Qe6 50.Nxg6 Kxh5 51.Nf8 Qg4  0-1

[Event "Cannes op"]
[Site "Cannes"]
[Date "1990.??.??"]
[Round "5"]
[White "Tortarolo, Massimiliano"]
[Black "Schlosser, Michael"]
[Result "0-1"]
[WhiteElo "2185"]
[BlackElo "2340"]

1.e4 g6 2.d4 Bg7 3.Nc3 d6 4.f4 Nf6 5.Nf3 O-O 6.Bd3 Na6 7.O-O c5 8.d5 Rb8
9.Qe1 Nb4 10.Qh4 b5 11.a3 Nxd3 12.cxd3 b4 13.axb4 cxb4 14.Nd1 a5 15.f5 Re8
16.Bh6 Ra8 17.Ng5 Qb6+ 18.Kh1 Qd4 19.fxg6 hxg6 20.Ne3 Ra7 21.Rf3 a4 22.Raf1 a3
23.bxa3 bxa3 24.Bxg7 Kxg7 25.Nxf7 Rf8 26.Nc2 Qb2 27.e5 Rxf7 28.e6 Rf8 29.Qg5 Qe5
30.Rf5 Qe2 31.Nd4 Qxd3 32.Nc6 Qxf5 33.Rxf5 a2  0-1

[Event "Cannes op"]
[Site "Cannes"]
[Date "1990.??.??"]
[Round "7"]
[White "Goldgewicht, Lionel"]
[Black "Garabedian, Vahakn"]
[Result "0-1"]
[WhiteElo "1930"]
[BlackElo "2140"]

1.e4 g6 2.d4 d6 3.Nc3 Bg7 4.Nf3 Nf6 5.Be2 O-O 6.O-O c6 7.a4 Qc7 8.h3 e5 9.Be3 Nbd7
10.a5 Re8 11.dxe5 dxe5 12.Qd2 Nh5 13.g3 Nf8 14.Kg2 Rd8 15.Qc1 Ne6 16.Ng5 Nf6
17.Nxe6 Bxe6 18.Rd1 Rxd1 19.Qxd1 Bf8 20.Bg5 Rd8 21.Qc1 Be7 22.Be3 Qd7 23.Qh1 Ra8
24.Ra4 Ne8 25.Bc4 Nc7 26.Bxe6 Nxe6 27.Qd1 Qxd1 28.Nxd1 Rd8 29.Nc3 Nd4 30.Bxd4 exd4
31.Nb1 Kg7 32.Rc4 Kf6 33.a6 c5 34.axb7 Rb8 35.Kf1 Rxb7 36.b3 Ke6 37.Nd2 f5
38.exf5+ Kxf5 39.Ke2 Ke5 40.f3 Kd5 41.Ne4 Rb6 42.Ra4 a6 43.Kd3 Rc6 44.Ra1 Bd8
45.Ra4 a5 46.Rc4 Bc7 47.Ra4 h6 48.Rc4 g5 49.Ra4 Rg6 50.Ra1 Bd8 51.Re1 Rc6
52.Re2 Bc7 53.Rf2 Ra6 54.Rg2 a4 55.c4+ Kc6 56.Ra2 a3 57.Kd2 Ba5+ 58.Kd3 Bb4
59.Nd2 Bc3 60.Nb1 Bb4 61.Nd2 Kd6 62.Ne4+ Ke5 63.Re2 Kf5 64.Ra2 h5 65.Nf2 h4
66.g4+ Kf4 67.Ne4 Ra5 68.Ke2 Ra6 69.Kd3 Ra7 70.Ke2 Ra5 71.Kd3 Be1 72.Ke2 Bg3
73.Nd2 Bh2 74.Ne4 Bg1 75.Kf1 Be3 76.Ke2 Bc1 77.Nf2 Kg3 78.Nd3 Be3 79.Ra1 Kxh3
80.b4 cxb4 81.Nxb4 Ra4 82.Nc2  0-1

[Event "Cannes op"]
[Site "Cannes"]
[Date "1990.??.??"]
[Round "8"]
[White "Sanchez Almeyra, Jorge"]
[Black "Kljako, Damir"]
[Result "1/2-1/2"]
[WhiteElo "2380"]
[BlackElo "2290"]

1.e4 d6 2.d4 g6 3.Nc3 Bg7 4.Be3 c6 5.a4 a5 6.h3 Nd7 7.Nf3 Qc7 8.Be2 Ngf6
9.O-O O-O 10.Nd2 e5 11.dxe5 dxe5 12.Nc4 Rd8 13.Qd6 Qxd6 14.Nxd6 Nf8 15.Rfd1 Ne6
16.Bc4 Bf8 17.Nxc8 Raxc8 18.Bxe6 fxe6 19.Bg5 Be7 20.Ne2 Kf7 21.Bxf6 Kxf6
22.Kf1 h5 23.Ke1 Bc5 24.Rxd8 Rxd8 25.Nc1 Bb4+ 26.c3 Bc5 27.Ke2 Bd6 28.Nd3 Ke7
29.g3 Rf8 30.Rf1 b6 31.f4 exf4 32.gxf4 b5 33.e5 Bc7 34.Rg1 Kf7 35.Ra1 Bb6
36.b4 Ra8 37.axb5 cxb5 38.bxa5 Rxa5 39.Rb1 Ra2+ 40.Rb2 Rxb2+ 41.Nxb2 Bd8
42.Kd3 g5 43.fxg5 Bxg5 44.Kd4  1/2-1/2

[Event "Cannes op"]
[Site "Cannes"]
[Date "1990.??.??"]
[Round "9"]
[White "De Sousa, Jose"]
[Black "Didier, M2."]
[Result "1-0"]
[WhiteElo "1970"]
[BlackElo "2050"]

1.e4 g6 2.d4 Bg7 3.Nc3 d6 4.f4 Nf6 5.Nf3 O-O 6.Bd3 Nc6 7.e5 dxe5 8.fxe5 Nd5
9.Nxd5 Qxd5 10.c3 Bg4 11.O-O Rad8 12.Bg5 h6 13.Bh4 Rd7 14.Qc2 Nd8 15.Rae1 Qc6
16.h3 Be6 17.c4 Qb6 18.Bf2 Bf5 19.Bxf5 gxf5 20.Qxf5 e6 21.Qh5 Qa5 22.Be3 f5
23.Bxh6 Bxh6 24.Qxh6 Rh7 25.Qd2 Qxa2 26.Qc3 Qa4 27.Ra1 Qe8 28.Rxa7 c6 29.Ra8 Qg6
30.Kh1 Kf7 31.Qd2 Rg8 32.Ng5+ Qxg5 33.Qxg5 Rxg5 34.Rxd8 Kg6 35.Re8 Kf7 36.Rb8 Kg6
37.Rg8+ Kh5 38.Re8 Rd7 39.Rxe6 Rxd4 40.Rf6 f4 41.R6xf4 Rxf4 42.Rxf4 Rxe5
43.Kh2 b5 44.cxb5 cxb5 45.Kg3 Rc5 46.h4 Kh6 47.Kh3 Rc2 48.Rb4 Rc5 49.g4 Kg6
50.Kg3 Kf6 51.Rf4+ Ke6 52.Rf5 Rxf5 53.gxf5+ Kxf5 54.Kf3 Ke5 55.Ke3  1-0

[Event "JUG-chT Cetinje"]
[Site "Cetinje"]
[Date "1990.??.??"]
[Round "1"]
[White "Zupe, Miran"]
[Black "Nikolic, Sinisa"]
[Result "1/2-1/2"]
[WhiteElo "2330"]
[BlackElo "2310"]

1.d4 g6 2.e4 Bg7 3.Nc3 d6 4.Be2 Nf6 5.Nf3 O-O 6.O-O c6 7.a4 a5 8.h3 Na6 9.Bf4 Nb4
10.Re1 d5 11.e5 Ne8 12.Nb1 Nc7 13.c3 Nba6 14.Qd2 Ne6 15.Bh6 Bxh6 16.Qxh6 Qb6
17.Qd2 c5 18.Bxa6 bxa6 19.dxc5 Nxc5 20.Qh6 Ne6 21.Nbd2 Bd7 22.c4 Bc6 23.b3 Rfc8
24.Ng5 Nf8 25.Re3 Qd4 26.Ra2 dxc4 27.Nxc4 Bd5 28.Rd2 Qa1+ 29.Kh2 Bxc4 30.bxc4 Rxc4
31.Rd5 Qxa4 32.Kg3 Qc6 33.Rxa5 f6 34.Nf3 Ne6 35.Raa3 f5 36.Kh2 Rc2 37.Qh4 Qc5
38.Qa4 Rxf2 39.Qb3 Qc6 40.Rc3 Rxf3 41.Rxf3 Kf7 42.Ra5 Rd8 43.Qa2  1/2-1/2

[Event "JUG-chT Cetinje"]
[Site "Cetinje"]
[Date "1990.??.??"]
[Round "1"]
[White "Velickovic, Sasa"]
[Black "Ljubisavljevic, Zivojin Z"]
[Result "0-1"]
[WhiteElo "2415"]
[BlackElo "2355"]

1.e4 g6 2.d4 Bg7 3.Nc3 d6 4.Nge2 Nc6 5.Be3 e5 6.Qd2 Nge7 7.d5 Nb8 8.Bh6 Bxh6
9.Qxh6 Ng8 10.Qe3 a6 11.h4 h5 12.g3 b5 13.Bg2 Nh6 14.f3 Nd7 15.Nd1 f5 16.Nf2 Nf6
17.O-O-O Kf7 18.Bh3 fxe4 19.Bxc8 Qxc8 20.Nxe4 Nxe4 21.Qxe4 Qf5 22.Qe3 Kg7
23.Rhf1 Rhf8 24.Nc3 Qd7 25.Ne4 Nf5 26.Qd3 b4 27.Ng5 Rf6 28.g4 Nxh4 29.Ne6+ Rxe6
30.dxe6 Qxe6 31.gxh5 Rh8 32.Qxa6 gxh5 33.Qc6 Qf7 34.f4 exf4 35.Rd4 Ng6 36.Rxb4 Qxa2
37.Qxc7+ Kh6 38.Rfxf4 Qe6 39.Rfe4 Qf6 40.Qc4 Qg5+ 41.Kb1 d5 42.Qd4 dxe4 43.Rb6 Re8
44.Rb7 Qe5 45.Qe3+ Qf4 46.Qa7 e3 47.Rh7+ Kg5 48.Qa5+ Qe5 49.Qe1 e2 50.Qg1+ Kf6
51.Qf2+ Qf4 52.Qb6+ Kg5 53.Qg1+ Qg4 54.Qc1+ Kf6 55.Qe1 Qd4  0-1

[Event "JUG-chT Cetinje"]
[Site "Cetinje"]
[Date "1990.??.??"]
[Round "3"]
[White "Alvir, Aco"]
[Black "Ivkov, Borislav"]
[Result "1/2-1/2"]
[WhiteElo "2295"]
[BlackElo "2480"]

1.e4 g6 2.d4 Bg7 3.Nc3 d6 4.Be2 Nf6 5.g4 c5 6.d5 Na6 7.g5 Nd7 8.h4 Nc7 9.h5 e6
10.Bf4 exd5 11.exd5 Nb6 12.Ne4 Ncxd5 13.Bxd6 c4 14.Ba3 Be6 15.Nd6+ Kd7 16.Nf3 a6
17.Rh4 c3 18.b3 Kc7 19.Nc4 Nxc4 20.bxc4 Nb6 21.Qc1 Re8 22.Qf4+ Kc8 23.Rd1 Qc7
24.Bd6 Qc6 25.Kf1 Rd8 26.h6 Bh8 27.Ne5 Bxe5 28.Qxe5 Nxc4 29.Bxc4 Bxc4+ 30.Rxc4 Qxc4+
31.Rd3 b5 32.Kg1 b4 33.Rd5 Qg4+ 34.Kf1 Qh3+ 35.Kg1 Qg4+ 36.Kf1 Qh3+ 37.Kg1 Qg4+
38.Kf1  1/2-1/2

[Event "USA Masters"]
[Site "Chicago"]
[Date "1990.??.??"]
[Round "3"]
[White "Rachels, Stuart"]
[Black "Salman, Nachum"]
[Result "1-0"]
[WhiteElo "2380"]
[BlackElo "2330"]

1.e4 g6 2.d4 Bg7 3.Nc3 d6 4.Nge2 Nc6 5.Be3 e5 6.Qd2 Nf6 7.f3 Bd7 8.O-O-O a6
9.d5 Na7 10.Bh6 Bxh6 11.Qxh6 Qe7 12.g4 Nb5 13.Nb1 Bxg4 14.fxg4 Nxg4 15.Qg7 Qg5+
16.Nd2 Ke7 17.h4 Qe3 18.Rh3 Qc5 19.Rf3 Rhf8 20.Nb3 Qb4 21.Ng3 h5 22.Bh3 Nd4
23.Nxd4 exd4 24.Bxg4 hxg4 25.Rf6 Qa4 26.Rdf1 Qe8 27.Re6+  1-0

[Event "Clichy"]
[Site "Clichy"]
[Date "1990.??.??"]
[Round "3"]
[White "Birmingham, Eric"]
[Black "Bernard, Christophe"]
[Result "0-1"]
[WhiteElo "2345"]
[BlackElo "2340"]

1.e4 g6 2.d4 Bg7 3.Nc3 d6 4.Bg5 c6 5.Qd2 b5 6.f4 Nd7 7.Nf3 Ngf6 8.Bd3 b4
9.Ne2 Qb6 10.O-O O-O 11.Kh1 Ba6 12.c4 bxc3 13.bxc3 Qa5 14.e5 Nd5 15.c4 Qxd2
16.Nxd2 f6 17.exf6 exf6 18.Bh4 Rfe8 19.f5 Nb4 20.Nc1 Bh6 21.Rd1 Bxd2 22.Rxd2 Nxd3
23.Nxd3 Bxc4 24.Rc1 Bxd3 25.Rxd3 Rab8 26.Ra3 Re4 27.Rxa7 Rxh4 28.Rxd7 Rxd4
29.h3 c5 30.Re1 gxf5 31.Ree7 Rh4 32.Rxd6 Rc8 33.Rxf6 c4 34.Re2 c3 35.Rc2 Rd4
36.Kh2 f4 37.h4 Rc5 38.Rb6 Rd2 39.Rxd2 cxd2 40.Rd6 Rc2 41.Kh3 h5 42.g4 f3  0-1

[Event "Clichy"]
[Site "Clichy"]
[Date "1990.??.??"]
[Round "5"]
[White "Beran, Josef"]
[Black "Bernard, Christophe"]
[Result "1/2-1/2"]
[WhiteElo "2270"]
[BlackElo "2340"]

1.e4 d6 2.d4 g6 3.Nc3 Bg7 4.Be3 c6 5.Qd2 b5 6.Bd3 Nd7 7.f4 Ngf6 8.h3 O-O
9.Nf3 Nb6 10.O-O Nc4 11.Bxc4 bxc4 12.Nh2 d5 13.e5 Ne4 14.Nxe4 dxe4 15.Ng4 f5
16.Nh2 Be6 17.Qc3 a5 18.b3 Qd5 19.Rfb1 Rfb8 20.Nf1 a4 21.bxc4 Qxc4 22.Qxc4 Bxc4
23.a3 e6 24.Nd2 Ba6 25.Rb4 Rxb4 26.axb4 Bb7 27.Ra3 Bf8 28.c3 Kf7 29.Nc4 Ke8
30.Nb2 Kd7 31.Rxa4 Rxa4 32.Nxa4 Ba6 33.Kf2 Kc7 34.Ke1 Be7 35.g3 Bc4 36.Kd2 Kb7
37.Nb2 Bb3 38.Nd1 Ka6 39.Nf2 Kb5 40.g4 Bc4 41.g5 Bf1 42.h4 Kc4 43.Nd1 Kb3
44.Bf2 Bb5 45.Ne3 Bd3 46.Be1 Bf8 47.Kd1 Be7 48.Bd2 Bf8 49.Ke1 Be7 50.Kd1  1/2-1/2

[Event "Copenhagen op"]
[Site "Copenhagen"]
[Date "1990.??.??"]
[Round "1"]
[White "Bjerring, Kai"]
[Black "Sznapik, Aleksander"]
[Result "1/2-1/2"]
[WhiteElo "2310"]
[BlackElo "2485"]

1.e4 g6 2.d4 Bg7 3.Nc3 d6 4.f4 a6 5.a4 Nf6 6.Nf3 c5 7.d5 e6 8.dxe6 Bxe6 9.Be2 Nc6
10.O-O O-O 11.f5 gxf5 12.Bg5 h6 13.Bh4 Ne7 14.Bxf6 Bxf6 15.Qd2 Bg7 16.Nh4 fxe4
17.Nxe4 Nc6 18.Nf5 Bxf5 19.Rxf5 Nd4 20.Rd5 Qe7 21.Bf3 Rad8 22.Re1 Rfe8 23.c3 Nxf3+
24.gxf3 Qe6 25.Rd1 Qg6+ 26.Kh1 Re6 27.Rg1 Qh7 28.Nxd6 Rg6 29.Nf5 Rxg1+ 30.Kxg1 Qg6+
31.Kf1 Rxd5 32.Qxd5 Qg5 33.Kf2 Bf8 34.Ne3 Qf4 35.Qh5 Qxa4 36.Qf5 Qh4+ 37.Kg2 Qg5+
38.Qxg5+ hxg5 39.Kg3 f6 40.Kg4 Kf7 41.Kf5 Bd6 42.Ng4 c4 43.Nxf6 Bxh2 44.Ne4 b5
45.Nxg5+ Ke7 46.Ke4 a5 47.Kd5 Bf4 48.Ne4 Bc1 49.Nd6 Bxb2 50.Nxb5 Kf6 51.Kxc4 Ke5
52.Kb3 Bxc3 53.Kxc3 Kf4 54.Nd4 Ke3  1/2-1/2

[Event "Copenhagen op"]
[Site "Copenhagen"]
[Date "1990.??.??"]
[Round "1"]
[White "Kutschenko, Roland"]
[Black "Kristiansen, Jens"]
[Result "0-1"]
[WhiteElo "2245"]
[BlackElo "2445"]

1.e4 g6 2.d4 Bg7 3.Nc3 d6 4.Nf3 Nf6 5.Be2 O-O 6.h3 c5 7.dxc5 Qa5 8.O-O Qxc5
9.Be3 Qc7 10.Qd2 Nbd7 11.Bh6 a6 12.Bxg7 Kxg7 13.a4 b6 14.Qf4 e5 15.Qh4 Bb7
16.Rad1 Nc5 17.Bd3 Rad8 18.Rfe1 Rfe8 19.b4 Ne6 20.Bxa6 Bxa6 21.Qxf6+ Kxf6
22.Nd5+ Kg7 23.Nxc7 Nxc7 24.b5 Bb7  0-1

[Event "Copenhagen K41"]
[Site "Copenhagen"]
[Date "1990.??.??"]
[Round "7"]
[White "Clausen, Steen"]
[Black "Kristiansen, Jens"]
[Result "0-1"]
[WhiteElo "2215"]
[BlackElo "2445"]

1.d4 g6 2.e4 Bg7 3.Nc3 d6 4.Nf3 c6 5.a4 Nf6 6.h3 O-O 7.a5 Nbd7 8.Be3 Qc7
9.Nd2 Re8 10.Be2 Rb8 11.O-O b5 12.axb6 axb6 13.g4 h6 14.f4 b5 15.Bd3 b4 16.Ne2 c5
17.d5 Nb6 18.b3 h5 19.f5 hxg4 20.fxg6 fxg6 21.Nf4 gxh3 22.Kh1 Ng4 23.Bg1 Ne5
24.Qe1 Rf8 25.Rd1 e6 26.Nxe6 Bxe6 27.dxe6 Qe7 28.Qg3 Qxe6 29.Rxf8+ Rxf8 30.Bf1 Bh6
31.Bxh3 Qf6 32.Be3 Bxe3 33.Qxe3 Qh4 34.Kg2 Ng4 35.Bxg4 Qxg4+ 36.Qg3 Qe2+
37.Kh3 Kg7 38.Qg4 Rh8+ 39.Kg3 Qh2+ 40.Kf3 Rf8+ 41.Ke3 Qf2+ 42.Kd3 Qd4+ 43.Ke2 Rf2+
44.Ke1 Qe3+  0-1

[Event "Copenhagen op"]
[Site "Copenhagen"]
[Date "1990.??.??"]
[Round "8"]
[White "Hector, Jonny"]
[Black "Hoi, Carsten"]
[Result "1/2-1/2"]
[WhiteElo "2465"]
[BlackElo "2445"]

1.e4 g6 2.d4 Bg7 3.Nc3 d6 4.f4 Nf6 5.Nf3 O-O 6.Bd3 Na6 7.O-O c5 8.d5 Bg4
9.Bc4 Nd7 10.h3 Bxf3 11.Qxf3 Nc7 12.Be3 a6 13.Rad1 b5 14.Be2 b4 15.Na4 Nb5
16.e5 Qa5 17.b3 dxe5 18.fxe5 Nxe5 19.Qf2 Nd4 20.Nxc5 Qxc5 21.Bxd4 Qxc2 22.Qe3 Qc7
23.Rfe1 Rfe8 24.Bf1 Nd7 25.Bxg7 Kxg7 26.Qd4+ Nf6 27.Qxb4 Rad8 28.Bc4 Rd6
29.Qc3 Qb6+ 30.Kh1 a5 31.Re2 Kg8 32.Qe1 Kf8 33.a4 Qa7 34.Qg3 Red8 35.Qe5 R6d7
36.Rf1 Qb6 37.Bb5 Ra7 38.Ref2 Qd6 39.Qe3 Rb7 40.Qc3 Qb6 41.Bc6 Ra7 42.Rxf6 exf6
43.Qxf6 Kg8 44.d6 Qb8 45.Bd5 Rdd7 46.Rd1 Ra6 47.Bc4 Rb6 48.h4 Qf8 49.h5 Qg7
50.Qe7 Rbxd6 51.Qe8+ Qf8 52.Bxf7+ Rxf7 53.Qxf8+ Kxf8 54.Rxd6 gxh5 55.Rd5 Rb7
56.Rf5+ Ke8 57.Rxa5 Rxb3 58.Rxh5 Ra3 59.Rh4 h6 60.Rf4 Ke7 61.Kh2 h5 62.g3 Ra1
63.Kh3 Rh1+ 64.Kg2 Ra1 65.Rb4 Kf6 66.Kf3 Kg5 67.Rb5+ Kg6 68.Ra5 Rf1+ 69.Ke4 Re1+
70.Kf3 Rf1+ 71.Kg2 Ra1 72.Ra8 Kg5 73.a5 Kg4 74.Rg8+ Kf5 75.Kh3 Rxa5  1/2-1/2

[Event "Dieren op"]
[Site "Dieren"]
[Date "1990.??.??"]
[Round "4"]
[White "Ziatdinov, Raset"]
[Black "Cuijpers, Frans Andre"]
[Result "1/2-1/2"]
[WhiteElo "2515"]
[BlackElo "2405"]

1.e4 g6 2.d4 Bg7 3.Nc3 d6 4.g3 Nf6 5.Bg2 O-O 6.Nge2 c6 7.O-O e5 8.Re1 b5
9.h3 Nbd7 10.Be3 Bb7 11.g4 Nb6 12.a3 Re8 13.b3 Qc7 14.Ng3 Rad8 15.dxe5 dxe5
16.Qc1  1/2-1/2

[Event "Ermua"]
[Site "Ermua"]
[Date "1990.??.??"]
[Round "10"]
[White "Izeta Txabarri, Felix"]
[Black "Leskovar, Mario"]
[Result "1-0"]
[WhiteElo "2380"]
[BlackElo "2355"]

1.d4 d6 2.e4 g6 3.Nc3 Bg7 4.Be3 Nc6 5.d5 Nb8 6.f4 Nf6 7.Nf3 O-O 8.Qd2 c6
9.O-O-O cxd5 10.exd5 Bg4 11.Be2 Nbd7 12.h3 Bf5 13.g4 Ne4 14.Nxe4 Bxe4 15.Qb4 Bxf3
16.Bxf3 b5 17.Bd4 a5 18.Qd2 Bxd4 19.Qxd4 Rc8 20.h4 Qc7 21.Qd2 a4 22.a3 Nb6
23.g5 b4 24.axb4 a3 25.b3 Qc3 26.Qxc3 Rxc3 27.Bg4 Ra8 28.Kb1 Ra7 29.Rd2 Rac7
30.Bd1 e6 31.dxe6 fxe6 32.Re1 Nd5 33.Rxe6 Nxb4 34.Rexd6 a2+ 35.Kb2 Rg3 36.Rd8+ Kf7
37.R8d7+ Rxd7 38.Rxd7+ Ke6 39.Rb7 Nd5 40.Ra7 Rg1 41.c4 Rg2+ 42.Ka1 Nc3 43.Bf3 Rg1+
44.Kb2 Rb1+ 45.Kxc3 a1=Q+ 46.Rxa1 Rxa1 47.Bd5+ Kf5 48.b4 Kxf4 49.Kd4 Rd1+
50.Kc5 Kg4 51.b5 Kxh4 52.b6 Rf1 53.b7 Rf8 54.Kd6 Kxg5 55.Ke7 Rh8 56.c5  1-0

[Event "FIN-chT"]
[Site "?"]
[Date "1990.??.??"]
[Round "?"]
[White "Manninen, Marko"]
[Black "Kauppinen, Martti"]
[Result "1-0"]
[WhiteElo "2215"]
[BlackElo "2230"]

1.d4 d6 2.e4 g6 3.Nc3 Bg7 4.Bg5 c5 5.Nf3 cxd4 6.Nxd4 Nc6 7.Nb3 Be6 8.Qd2 a5
9.Bb5 Nf6 10.O-O O-O 11.Rfe1 Nb4 12.Nd4 Bd7 13.Bc4 Rc8 14.Bb3 Na6 15.Nf3 Nc5
16.e5 dxe5 17.Nxe5 Nxb3 18.axb3 Bf5 19.Qe2 Re8 20.Nc4 b6 21.Rad1 Qc7 22.Bxf6 Bxf6
23.Nd5 Qc5 24.Ncxb6 Rc6 25.Nc4 Bg5 26.Qe5 Re6 27.Qg3 Rxe1+ 28.Rxe1 Bh6 29.Nf6+  1-0